[Event "Moscow op 02nd"]
[Site "Moscow"]
[Date "2006.01.29"]
[Round "1"]
[White "Maslak, Konstantin"]
[Black "Njubin, Viktor"]
[Result "1-0"]
[WhiteElo "2529"]
[BlackElo "2301"]
[PlyCount "93"]
[EventDate "2006.01.29"]
[EventType "swiss"]
[EventRounds "9"]
[EventCountry "RUS"]
[SourceTitle "CBM 110 Extra"]
[Source "ChessBase"]
[SourceDate "2006.03.10"]
[SourceVersion "2"]
[SourceVersionDate "2006.03.10"]
[SourceQuality "1"]

1. e4 e6 2. d4 d5 3. Nc3 Nf6 4. Bg5 Be7 5. e5 Nfd7 6. h4 Bxg5 7. hxg5 Qxg5 8. Qd3 g6 9. Nf3 Qe7 10. 0-0-0 Nf8 11. Rh6 Nc6 12. Qe3 Bd7 13. Bb5 0-0-0 14. Bxc6 Bxc6 15. Qg5 Qxg5+ 16. Nxg5 Be8 17. Rdh1 b6 18. Nd1 Kd7 19. Ne3 Ke7 20. Kd2 c5 21. c3 Rc8 22. Nxh7 Nxh7 23. Rxh7 Rxh7 24. Rxh7 Ba4 25. b3 Bb5 26. Ng4 a5 27. Nh6 Rf8 28. a3 Bf1 29. Ke3 Bxg2 30. Kf4 cxd4 31. cxd4 g5+ 32. Kxg5 Be4 33. Rg7 Bc2 34. b4 axb4 35. axb4 Bg6 36. Ng8+ Kd8 37. Kf6 Ke8 38. f3 Kd8 39. f4 Bh5 40. b5 Ke8 41. Rg1 Kd8 42. Ra1 Kc7 43. Ne7 Kb7 44. Nc6 Re8 45. Ra2 Bg6 46. Ne7 Bh5 47. Rh2 1-0

[Event "RUS-ch U16"]
[Site "Cherepovets"]
[Date "2001.??.??"]
[Round "?"]
[White "Njubin, Viktor"]
[Black "Lakhno, Konstantin"]
[Result "1-0"]
[WhiteElo "2146"]
[BlackElo "2276"]
[PlyCount "85"]
[EventDate "2001.??.??"]
[EventType "swiss"]
[EventRounds "10"]
[EventCountry "RUS"]
[SourceTitle "EXT 2002"]
[Source "ChessBase"]
[SourceDate "2001.11.25"]
[SourceVersion "1"]
[SourceVersionDate "2001.11.25"]
[SourceQuality "1"]

1. e4 e6 2. Nf3 d5 3. e5 c5 4. b4 c4 5. c3 Qc7 6. d4 cxd3 7. Bxd3 a5 8. b5 Nd7 9. Qe2 Ne7 10. Bf4 Ng6 11. Bg3 Be7 12. a4 Nb6 13. 0-0 Bd7 14. h4 h5 15. Rc1 Qd8 16. Bxg6 fxg6 17. Qd3 Kf7 18. Nbd2 g5 19. hxg5 Bxg5 20. Nxg5+ Qxg5 21. Qd4 Nc8 22. c4 Ne7 23. cxd5 Nxd5 24. Ne4 Qg6 25. Nc3 Kg8 26. Nxd5 exd5 27. Rc7 Be6 28. Bh4 Qg4 29. Qxg4 hxg4 30. Bg3 d4 31. Re7 Bf5 32. e6 Rh7 33. Rxb7 d3 34. b6 Be4 35. Rd7 g6 36. e7 Re8 37. Bd6 Kf7 38. b7 Bc6 39. b8Q Rxb8 40. e8Q+ Kxe8 41. Rxh7 Rb2 42. Re1+ Kd8 43. Ree7 1-0